000
00415nam a2200145Ia 4500
008
100122s9999 xx 000 0 und d
082
_b
60990
_a
823.08
100
_a
देशपांडे कृ प
245
_a
अतूट नाते
260
_b
अमोल प्रकाशन
_c
1999
300
_a
64
630
_a
अतूट नाते
730
_a
अतूट नाते
942
_c
BOOK
999
_c
435932
_d
435929